| 000 | 00908nam a2200205Ia 4500 | ||
|---|---|---|---|
| 003 | Ost | ||
| 005 | 20260507075435.0 | ||
| 008 | 260507s9999||||xx |||||||||||||| ||und|| | ||
| 040 | _cfsecg | ||
| 041 | _aara | ||
| 082 | _a338.7 | ||
| 100 |
_aكامل، اسامة _eمؤلف |
||
| 245 | 0 |
_aمبادئ في المالية (شركات الأموال) / _c اسامة كامل |
|
| 260 |
_aالبحرين: _bمؤسسة لورد العالمية للشؤون الجامعية, _c2006 |
||
| 300 |
_a256 صفحة؛ _bإيضاحات ؛ _c24 سم |
||
| 520 | _aفي الشركة كعقد، في الشركة كشخص معنوي، في حل الشركة وانقضائها، في شركات المساهمة، شركة التوصية المساهمة، الشركة ذات المسؤولية المحدودة | ||
| 653 | _aالشركات | ||
| 653 | _aالشركات-تنظيم وإدارة | ||
| 942 | _cكتاب | ||
| 999 |
_c44533 _d44533 |
||